Heile's Newbury house dictionary of American English : The core of english language learning
محفوظ في:
| التنسيق: | كتاب |
|---|---|
| اللغة: | Undetermined |
| منشور في: |
Australia
Thomson/Heinle
2004
|
| الموضوعات: | |
| الوسوم: |
إضافة وسم
لا توجد وسوم, كن أول من يضع وسما على هذه التسجيلة!
|
| Thư viện lưu trữ: | Trung tâm Học liệu Trường Đại học Cần Thơ |
|---|
| LEADER | 00587nam a2200193Ia 4500 | ||
|---|---|---|---|
| 001 | CTU_213700 | ||
| 008 | 210402s9999 xx 000 0 und d | ||
| 082 | |a 427.97303 | ||
| 082 | |b H466 | ||
| 245 | 0 | |a Heile's Newbury house dictionary of American English : | |
| 245 | 4 | |b The core of english language learning | |
| 245 | 0 | |c [chief editor, Philip M. Rideout.] | |
| 260 | |a Australia | ||
| 260 | |b Thomson/Heinle | ||
| 260 | |c 2004 | ||
| 650 | |a English language,Americanisms | ||
| 650 | |z United States | ||
| 904 | |i Hiếu | ||
| 980 | |a Trung tâm Học liệu Trường Đại học Cần Thơ | ||